[Event "POHÁR města Říčany 2022"]
[Site "Městské kulturní středisko U labutě"]
[Date "2022.09.02"]
[Round "8.31"]
[White "Kovar, Jan"]
[Black "Horyna, Josef"]
[Result "1/2-1/2"]
[WhiteElo "1798"]
[BlackElo "1694"]
[PlyCount "0"]
[EventDate "2022.08.27"]

1. e4 e6 2. d4 d5 3. Nd2 dxe4 4. Nxe4 Nd7 5. Bd3 Ngf6 6. Ne2 Nxe4 7. Bxe4 Nf6
8. Bf3 Bd6 9. O-O O-O 10. Bf4 Nd5 11. Be5 c6 12. c3 Qc7 13. Bxd6 Qxd6 14. Re1
Rd8 15. Ng3 Nf6 16. Qc2 Bd7 17. Rad1 Qc7 18. Nf1 Rac8 19. Ne3 c5 20. d5 exd5
21. Nxd5 Nxd5 22. Bxd5 Bc6 23. Bxc6 Rxd1 24. Rxd1 Qxc6 25. Qd3 Qe8 26. Qd7 g6
27. Kf1 Qe5 28. Qd6 Qxd6 29. Rxd6 b5 30. Ke2 c4 31. Rd7 a5 32. Rd5 Kg7 33. Rd6
h5 34. h4 Kh8 35. Rd5 Kg7 1/2-1/2

[Event "POHÁR města Říčany 2022"]
[Site "Městské kulturní středisko U labutě"]
[Date "2022.09.02"]
[Round "8.32"]
[White "Pisar, Tomas"]
[Black "Pavlicek, Petr"]
[Result "1/2-1/2"]
[WhiteElo "1624"]
[BlackElo "1781"]
[PlyCount "0"]
[EventDate "2022.08.27"]

1. d4 Nf6 2. Nf3 g6 3. g3 Bg7 4. Bg2 d5 5. O-O O-O 6. c4 Nc6 7. Nc3 dxc4 8. d5
Na5 9. Qa4 b6 10. Nd4 Bd7 11. Nc6 Nxc6 12. dxc6 Be6 13. Rd1 Qc8 14. e4 Rd8
15. Nd5 Nxd5 16. exd5 Bg4 17. f3 Bh3 18. Qxc4 Bxg2 19. Kxg2 e6 20. Rb1 exd5
21. Rxd5 Rxd5 22. Qxd5 Qe8 23. Qe4 Qxe4 24. fxe4 Be5 25. b4 1/2-1/2

[Event "POHÁR města Říčany 2022"]
[Site "Městské kulturní středisko U labutě"]
[Date "2022.09.02"]
[Round "8.33"]
[White "Hampel, Rudolf"]
[Black "Chmelik, Ladislav"]
[Result "1-0"]
[WhiteElo "1597"]
[BlackElo "1734"]
[PlyCount "0"]
[EventDate "2022.08.27"]

1. d4 Nf6 2. Nc3 d5 3. Bf4 c5 4. e3 Bf5 5. Nb5 Na6 6. c3 e6 7. Qa4 Nd7 8. Nd6+
Bxd6 9. Bxd6 cxd4 10. exd4 Qb6 11. Ba3 Nc7 12. Nf3 Qc6 13. Qb4 O-O-O 14. Be2 f6
15. O-O Nb6 16. b3 Na6 17. Bxa6 bxa6 18. Rac1 g6 19. Rfd1 Rd7 20. c4 dxc4
21. bxc4 Qa4 22. c5 1-0

[Event "POHÁR města Říčany 2022"]
[Site "Městské kulturní středisko U labutě"]
[Date "2022.09.02"]
[Round "8.34"]
[White "Mrazek, Adam"]
[Black "Hosova, Sandra"]
[Result "0-1"]
[WhiteElo "1546"]
[BlackElo "1708"]
[PlyCount "0"]
[EventDate "2022.08.27"]

1. Nf3 d5 2. c4 c6 3. d4 Nf6 4. Nc3 e6 5. Bg5 Be7 6. e3 O-O 7. Qc2 Nbd7 8. Bd3
dxc4 9. Bxc4 b5 10. Bd3 h6 11. Bh4 Bb7 12. O-O a6 13. Rfd1 Rc8 14. Rac1 Qe8
15. Ne4 c5 16. Nxc5 Bxf3 17. gxf3 Nxc5 18. dxc5 Rxc5 19. Qe2 Qc8 20. Rxc5 Qxc5
21. Kh1 Rd8 22. a3 Qh5 23. Bg3 Rc8 24. Rg1 Kf8 25. Qd1 Qc5 26. Qb3 Nd7 27. Rd1
Ne5 28. Bxe5 Qxe5 29. f4 Qh5 30. Be4 Rc4 0-1

[Event "POHÁR města Říčany 2022"]
[Site "Městské kulturní středisko U labutě"]
[Date "2022.09.02"]
[Round "8.35"]
[White "Jankovsky, Zbynek"]
[Black "Konvalinka, Vladislav"]
[Result "1/2-1/2"]
[WhiteElo "1552"]
[BlackElo "1764"]
[PlyCount "0"]
[EventDate "2022.08.27"]

1. f4 d5 2. Nf3 Nf6 3. e3 Nc6 4. c4 dxc4 5. Bxc4 e6 6. a3 a6 7. b4 g6 8. Bb2
Bg7 9. Qc2 O-O 10. O-O Ne7 11. Nc3 b5 12. Ba2 Bb7 13. Rad1 Rc8 14. d4 Nf5
15. Bc1 Nd6 16. d5 exd5 17. Nxd5 Nxd5 18. Bxd5 Bxd5 19. Rxd5 Qe7 20. Ne5 Qe6
21. Rfd1 Rfe8 22. Qc6 f6 23. Nd3 Nc4 24. Qxe6+ Rxe6 25. Nc5 Rd6 26. e4 Bf8
27. Kf2 1/2-1/2

[Event "POHÁR města Říčany 2022"]
[Site "Městské kulturní středisko U labutě"]
[Date "2022.09.02"]
[Round "8.36"]
[White "Mach, Jan"]
[Black "Pejrimovska, Viola Ruby"]
[Result "0-1"]
[WhiteElo "1737"]
[BlackElo "1626"]
[PlyCount "0"]
[EventDate "2022.08.27"]

1. d4 Nf6 2. c4 g6 3. Nc3 Bg7 4. e4 d6 5. Nf3 O-O 6. Be2 e5 7. O-O Nc6 8. d5
Ne7 9. Ne1 h6 10. Be3 Nh7 11. Qd2 g5 12. b4 f5 13. f3 f4 14. Bf2 h5 15. Rc1 Ng6
16. c5 g4 17. cxd6 cxd6 18. a4 g3 19. hxg3 fxg3 20. Bxg3 h4 21. Bf2 Nf4 22. Nd3
Bf6 23. Be3 Bh3 24. Nxf4 exf4 25. Bd4 Bd7 26. Nb5 h3 27. Bd3 Ng5 28. Rfd1 hxg2
29. Qxg2 Bh3 30. Qh1 Kf7 31. Bf1 Rg8 32. Kf2 Nxe4+ 33. fxe4 Bh4+ 34. Ke2 Bg4+
35. Kd2 0-1

[Event "POHÁR města Říčany 2022"]
[Site "Městské kulturní středisko U labutě"]
[Date "2022.09.02"]
[Round "8.37"]
[White "Feierfeil, Jiri"]
[Black "Zabehlicky, Jiri"]
[Result "1-0"]
[WhiteElo "1684"]
[BlackElo "1429"]
[PlyCount "0"]
[EventDate "2022.08.27"]

1. d4 Nf6 2. c4 b6 3. Nc3 Bb7 4. e3 d5 5. Nf3 e6 6. Be2 Be7 7. O-O O-O 8. b3
Ne4 9. Nxe4 dxe4 10. Nd2 f5 11. f4 Nd7 12. Bb2 Bf6 13. Qc2 c5 14. Rad1 Qe8
15. Nb1 Rd8 16. Nc3 a6 17. d5 Nb8 18. a4 Kh8 19. Rd2 exd5 20. cxd5 Rd6 21. Rfd1
Qe7 22. Ba3 Nd7 23. g4 Bxc3 24. Qxc3 Rg6 25. g5 h6 26. Bh5 Rd6 27. gxh6 Rxh6
28. Be2 Qh4 29. Bf1 Rg6+ 30. Rg2 Rxg2+ 31. Bxg2 Rf6 32. Qd2 Rg6 33. Qc2 Rh6
34. h3 Qg3 35. Qf2 Rxh3 36. Qxg3 Rxg3 37. Kf2 Rg6 38. Bb2 Rh6 39. Kg3 Kg8
40. Bh3 g6 41. Rd2 Kf7 42. Bf1 Ke7 43. Bc4 Rh7 44. Rg2 Kf8 45. Kf2 Rh6 46. Be5
1-0

[Event "POHÁR města Říčany 2022"]
[Site "Městské kulturní středisko U labutě"]
[Date "2022.09.02"]
[Round "8.38"]
[White "Kubicek, Daniel"]
[Black "Cabart, Pavel"]
[Result "0-1"]
[WhiteElo "1364"]
[BlackElo "1757"]
[PlyCount "0"]
[EventDate "2022.08.27"]

1. e4 c5 2. d4 cxd4 3. c3 dxc3 4. Nxc3 Nc6 5. Bc4 d6 6. Qb3 e6 7. Nf3 a6 8. Qc2
Nf6 9. Bg5 Be7 10. Rd1 Qc7 11. O-O O-O 12. a3 Na5 13. Bd3 h6 14. Bh4 b5 15. Rfe1
Bb7 16. Rc1 Rac8 17. e5 dxe5 18. Nxe5 Rfd8 19. Bg3 Qb6 20. Rcd1 b4 21. Na4 Rxc2
22. Nxb6 Rxb2 23. Nbc4 Nxc4 24. Nxc4 Rb3 25. Bc2 Rc3 26. Rc1 Rxc4 27. Bh7+ Kxh7
28. Rxc4 Nd5 29. axb4 Bxb4 30. Rd1 a5 31. h4 Ba6 32. Rc7 Kg6 33. Ra7 Bc4 34. Rd4
Rc8 35. h5+ Kh7 36. Bh4 0-1

[Event "POHÁR města Říčany 2022"]
[Site "Městské kulturní středisko U labutě"]
[Date "2022.09.02"]
[Round "8.40"]
[White "Pechanek, Krystof Jan"]
[Black "Markina, Sofiia"]
[Result "1/2-1/2"]
[WhiteElo "1556"]
[BlackElo "1551"]
[PlyCount "0"]
[EventDate "2022.08.27"]

1. d4 d5 2. Bf4 Nf6 3. e3 e6 4. c3 c5 5. Nf3 Bd6 6. Bb5+ Nc6 7. Ne5 Qc7 8. Nxc6
bxc6 9. Bxd6 Qxd6 10. Be2 O-O 11. Nd2 cxd4 12. cxd4 Qb4 13. Qb3 Rb8 14. Qxb4
Rxb4 15. b3 Re8 16. Nf3 Ne4 17. Bd3 Nc3 18. Kd2 Nb5 19. Ne5 Bb7 20. h4 Rd8
21. Rac1 Rd6 22. h5 f6 23. Nf3 Rd7 24. a4 Nd6 25. Kc2 a5 26. Kb2 1/2-1/2